Normal view
MARC view
- Modern radio communication ;for the more advanced student covering the technique required
Entry Topical Term
001 - CONTROL NUMBER
- control field: 130662
003 - CONTROL NUMBER IDENTIFIER
- control field: NUST
005 - DATE AND TIME OF LATEST TRANSACTION
- control field: 20250923164816.0
008 - FIXED-LENGTH DATA ELEMENTS
- fixed length control field: 250923|| aca||aabn | a|a d
040 ## - CATALOGING SOURCE
- Original cataloging agency: NUST
- Transcribing agency: NUST
150 ## - HEADING--TOPICAL TERM
- Topical term or geographic name entry element: Modern radio communication ;for the more advanced student covering the technique required
670 ## - SOURCE DATA FOUND
- Source citation: Work cat.: (NUST)183139: J H Reyner 130661, Modern radio communication ;, 1940
